| 000 | 00929nam a2200277 a 4500 | ||
|---|---|---|---|
| 001 | 73414 | ||
| 003 | BD-RjUL | ||
| 005 | 20211209082407.0 | ||
| 008 | 170531s1980 maua b 001 0 eng | ||
| 020 |
_a0201012561 : _c$12.95 |
||
| 035 | _a(BD-RjUL)73632 | ||
| 040 |
_aDLC _cDLC _dDLC _dBD-RjUL _beng |
||
| 041 | _aeng | ||
| 082 | 0 | 0 |
_223 _a613 _bDIH 1980 |
| 100 | 1 |
_aDintiman, George B. _9217159 |
|
| 245 | 1 | 0 |
_aHealth through discovery / _cGeorge B. Dintiman and Jerrold S. Greenberg. |
| 260 |
_aReading, Mass. : _bAddison-Wesley Pub. co., _cc1980. |
||
| 300 |
_axv, 554 p. : _bill. ; _c24 cm. |
||
| 490 | 0 | _aAddison-Wesley series in health | |
| 504 | _aIncludes bibliographical references and index. | ||
| 650 | 0 |
_aHealth. _9217160 |
|
| 650 | 0 |
_aHealth attitudes. _9217161 |
|
| 650 | 0 |
_aHealth behavior _xExaminations, questions, etc. _9217162 |
|
| 700 | 1 |
_aGreenberg, Jerrold S., _ejoint author. _9217163 |
|
| 942 |
_2ddc _cBK |
||
| 999 |
_c73414 _d73414 |
||